000 01112nab a2200277 4500
003 BR-BrBNA
005 20240325235200.0
008 240325b bl.||||| |||| 00| 0 por d
040 _aBR-BrBNA
_bpor
072 _aP06
_b3240 ; 8905
100 _aVale, Ailton Teixeira do
100 _aAbreu, Vera Lúcia Silva
100 _aGonçalez, Joaquim Carlos
100 _aCosta, Alexandre Florian da
245 _aEstimativa do poder calorífico superior do carvão vegetal de madeiras de Eucalyptus grandis em função do teor de carbono fixo e do teor de materiais voláteis
_bPesquisa
500 _aSummaries (eng, por); 8 ref.; 3 illus.; 5 tables
650 _aEUCALYPTUS GRANDIS
650 _aÁRVORE ANGIOSPERMA
650 _aCARVÃO VEGETAL
650 _aPRODUTO FLORESTAL
650 _aCARBONIZAÇÃO
650 _aMATERIAL PIROLENHOSO
773 0 _01357
_94682
_dBrasília-DF Instituto Brasileiro de Desenvolvimento Florestal 1970
_o2023-07826
_tBrasil Florestal (Brazil)
_x0045-270X
_gv. 21(73) p. 47-52; (Apr 2002)
_wBR2024000521
942 _cAnalítica
999 _c298926
_d298926